|
|
|
|
| LEADER |
01021pam a22002778a 4500 |
| 001 |
00042000 |
| 008 |
170505s1996 ||||||engsd |
| 005 |
20180810130822.0 |
| 020 |
# |
# |
|a 9786045337639
|
| 041 |
0 |
# |
|a Vie
|
| 082 |
0 |
4 |
|a 895.922 334
|b TR527B
|
| 100 |
1 |
# |
|a Mạc, Phi
|
| 245 |
1 |
0 |
|c Mạc Phi
|a Truyện bản Mường. Rừng động
|b Tập truyện ngắn. Tiểu thuyết
|
| 260 |
# |
# |
|a Hà Nội
|b Hội Nhà văn
|c 2015
|
| 300 |
# |
# |
|a 1138 tr.
|c 21 cm
|b ảnh
|
| 490 |
# |
# |
|a Tác phẩm văn học được giải thưởng Nhà nước
|
| 500 |
# |
# |
|a Tên thật tác giả: Lưu Huy Hòa
|
| 653 |
# |
# |
|a Giải thưởng
|
| 653 |
# |
# |
|a Tiểu thuyết
|
| 653 |
# |
# |
|a Truyện ngắn
|
| 653 |
# |
# |
|a Tác phẩm
|
| 653 |
# |
# |
|a Việt Nam
|
| 653 |
# |
# |
|a Văn học hiện đại
|
| 852 |
# |
# |
|j KM.0025459
|j KD.0023971
|j KM.0026103
|j KM.0025501
|
| 910 |
|
|
|d 10/08/2018
|
| 980 |
# |
# |
|a Trung tâm Học liệu Lê Vũ Hùng, Trường Đại học Đồng Tháp
|